LIBRARY & INFORMATION CENTRE, KCAET, TAVANUR

ONLINE PUBLIC ACCESS CATALOGUE (OPAC)

Power engineers hand book -2012 (Record no. 17502)

MARC details
000 -LEADER
fixed length control field 00327nam a22001217a 4500
003 - CONTROL NUMBER IDENTIFIER
control field OSt
008 - FIXED-LENGTH DATA ELEMENTS--GENERAL INFORMATION
fixed length control field 220215b ||||| |||| 00| 0 eng d
082 ## - DEWEY DECIMAL CLASSIFICATION NUMBER
Classification number 621
Item number POW
245 ## - TITLE STATEMENT
Title Power engineers hand book -2012
260 ## - PUBLICATION, DISTRIBUTION, ETC. (IMPRINT)
Place of publication K.S.E Board Engineers Association
Name of publisher K.S.E Board Engineers Association
Year of publication 2012
300 ## - PHYSICAL DESCRIPTION
Number of Pages 539
942 ## - ADDED ENTRY ELEMENTS (KOHA)
Koha item type Books
Holdings
Withdrawn status Lost status Damaged status Collection code Home library Current library Shelving location Date acquired Cost, normal purchase price Full call number Accession Number Koha item type
      Reference KAUAET KAUAET Reference 15/02/2022 340.00 621.3 POW 26051 Reference
free website counter